| 000 | 00577nam a2200193 i 4500 | ||
|---|---|---|---|
| 001 | 135015 | ||
| 003 | ES-MaACL | ||
| 005 | 20230906194806.0 | ||
| 007 | t| | ||
| 008 | 070705q1947 sp ||||1| spa d | ||
| 080 | _a929:78 Falla, Manuel de | ||
| 100 | 1 |
_aThomàs Sabater, Joan Maria. _9110056 |
|
| 245 | 1 | 0 |
_aManuel de Falla en la isla / _cJuan María Thomàs. |
| 260 |
_aPalma de Mallorca : _bCapella Clàssica, _c[1947?] |
||
| 300 |
_a341 p. ; _c18 cm. |
||
| 600 | 1 | 4 |
_aFalla, Manuel de, _d1876-1946 _948756 |
| 852 | 4 |
_aES-MaACL _jC-4885 |
|
| 999 |
_c135015 _d135015 |
||